Porty Lotnicze w Polsce - Statystyki

Ogólne statystyki
  • Ten quiz został rozwiązany 23 razy
  • Średni wynik to 7 z 15
Statystyki odpowiedzi
Port lotniczy % Poprawnych
Warszawa im. {Chopina}
81%
Katowice-{Pyrzowice}
75%
Gdańsk im. {Wałęsy}
69%
Warszawa-{Modlin}
69%
Kraków-{Balice}
63%
Warszawa-{Radom}
56%
Rzeszów-{Jasionka}
50%
Zielona Góra-{Babimost}
38%
Łódź im. {Reymonta}
31%
Lublin-{Świdnik}
31%
Olsztyn-{Mazury}
31%
Poznań-{Ławica}
31%
Szczecin-{Goleniów}
31%
Wrocław-{Strachowice}
25%
Bydgoszcz im. {Paderewskiego}
19%
Nie znaleziono quizów pasujących do podanych kryteriów
Rozkład punktacji
Procent ludzi z każdym wynikiem
Percentyl według liczby udzielonych odpowiedzi
Twoja historia wyników
Nie rozwiązałeś tego quizu